01401nam a2200349Ii 4500001001200000003000800012008004100020006001900061007001500080035002100095040003100116020003000147020001800177043001200195050002000207245013200227264004700359300002300406336002600429337002600455338003600481347002100517347000800538504005100546588008300597650004900680651004800729655002200777700003400799776014600833856007200979DIGNOBUK357NyNyDIG220801s2007 ag ob 001 0 spa dm o d cr ||||||||||| a(OCoLC)868933347 aDGITAbengerdaepncDGITA a9781449254278qeBookqpdf z9789875840799 as-ag---14aHC177.S15 ebook00aCaracterísticas de la distribución espacial en el gran San Juan :bestadística 2005 /cAlberto Papparelli [and 4 others]. 1aBuenos Aires, Argentina :bNobuko,c[2007] a1 online resource. atextbtxt2rdacontent acomputerbc2rdamedia aonline resourcebcr2rdacarrier atext file2rdaft bPDF aIncludes bibliographical references and index.0 aOnline resource; title from PDF title page (Digitalia, viewed August 01, 2022) 0aUrbanizationzArgentinazSan Juan (San Juan) 0aSan Juan (San Juan, Argentina)vStatistics. 0aElectronic books.1 aPapparelli, Alberto,eauthor.08iPrint version:tCaracterísticas de la distribución espacial en el gran San Juan.dBuenos Aires, Argentina : Nobuko, [2007]z9789875840799403Digitalia Hispánicauhttps://www.digitaliapublishing.com/a/34152/